00383nam a2200145Ia 4500008004100000010001400041040002600055041002600081082001600107100001800123245002900141260003100170300002200201600001400223090201s9999 xx 000 0 und d aKPL-19721 bइंग्रजी aइंग्रजी a6210b19721 aw. l. willkie aone worldcw. l. willkie c2004bcassell and co. ltd. a146bमोठा aone world